MARC

LEADER 00000nam1a2200000 4500
001 116477
005 20231031123231.0
035 |a (RuTPU)RU\TPU\book\126054 
090 |a 116477 
100 |a 20070522d2007 m y0rusy50 ca 
101 0 |a rus 
102 |a RU 
200 1 |a Общероссийский классификатор продукции. ОК 005-93  |f Госстандарт России 
205 |a официальное изд. 
210 |a Москва  |c Изд-во стандартов  |d 2007 
712 0 1 |a Российская Федерация  |b Федеральное агентство по техническому регулированию и метрологии (Ростехрегулирование) (Госстандарт России)  |c (2004- )  |2 stltpush  |3 (RuTPU)RU\TPU\col\6641 
801 1 |a RU  |b 63413507  |c 20070522  |g PSBO 
801 2 |a RU  |b 63413507  |c 20090225  |g PSBO 
942 |c BK